| 000 | 00385nam a2200157 a 4500 | ||
|---|---|---|---|
| 005 | 20140414132141.0 | ||
| 008 | 140130s19uu xx 00 eng d | ||
| 020 | _a9788179874196 | ||
| 050 |
_aM 745.54 _bMo71 1994 |
||
| 100 | _aMohini, Mudit | ||
| 245 | _aOrigami III. | ||
| 260 |
_aNew Delhi : _bVishv Books, _cc1994. |
||
| 300 | _a32 | ||
| 650 | _aPaper folding | ||
| 999 |
_c115359 _d115359 |
||